CaptainSparklez - Fallen Kingdom Lyrics - Statistics

General Stats
  • This quiz has been taken 9 times
  • The average score is 24 of 44
Answer Stats
Answer % Correct
I used to {rule} the world
100%
{Chunks} would load when I gave the word
86%
Hide from {the mobs} I used to slay
86%
The blade that once forced evil {mobs} to yield
86%
The blade that once forced evil {mobs} to yield
86%
The blade that once forced evil {mobs} to yield
86%
Better to take a {stand}
71%
Better to take a {stand}
71%
It was the {creepers} and the skeletons
71%
Turn around, {pick up} my sword and wield
71%
Turn around, {pick up} my sword and wield
71%
Turn around, {pick up} my sword and wield
71%
Every time I looked {into their eyes}
57%
I gazed off into the boundless {skyline}
57%
I gaze off into the boundless {skyline}
57%
I gaze off into the boundless {skyline}
57%
I know {Herobrine} will call my name
57%
I know {Herobrine} will call my name
57%
{Note block} choirs playing in the sunshine
57%
{Note block} choirs playing in the sunshine
57%
{Note block} choirs playing in the sunshine
57%
Now {every night} I go stow away
57%
One {minute} we had it all
57%
That was when I {ruled the land}
57%
That was when I {ruled the land}
57%
That was when I {ruled the land}
57%
They once were {terrified}
57%
{Arrows} whizzing by like streaks of light
43%
Blew down the {doors} and boxed us in
43%
For a {hero I was}, that's what they'd say
43%
If this battle should leave me {slain}
43%
If this battle should leave me {slain}
43%
I tried all that I could to stay and {fight}
43%
Next, our {world} began to fall
43%
Oh, why was it that I wasn't {dead}?
43%
Villagers would {cheer} my way
43%
And hope one day that this {chaos} and
29%
As the {undead} roamed the street
29%
{Away} from all that it had once become
29%
Life itself {suspended} by a thread
29%
Never a {bow} in hand
29%
They all {cried} for my help, but I stood there numb
29%
{Destruction} turns for the better
14%
{Families} broken at my feet
14%
No matching quizzes found
Score Distribution
Percent of People with Each Score
Percentile by Number Answered
Your Score History
You have not taken this quiz